00588nam a2200157 a 450000500170000000800410001704100080005811000690006624501460013526000460028130000070032765000300033465000290036465000200039365000170041320140305093752.0140305b1993 nyu||||| |||| 00| 0 eng d aeng bReports of the Museum of Natural History University of Wisconsin aNeotropical hairstreak butterfliesbnew sister genera of the "Electrostrymon/angulopis" grade of eumaeini (Lepidoptera, Lycaendae, Theclinae) aNueva YorkbUniversity of Wisconsinc1993 a90 aMuseo de historia natural aUniversidad de Wisconsin aEspecies nuevas aLepidopteros